000 01526nam a2200385 c 4500
003 BLK
005 20220919163546.0
008 180411b bul|||||r ||||||| ||bul||
010 _aKNG00200299000
020 _a978-954-733-896-8
_bиздат.: Прозорец
040 _aBLK
041 _aBUL
_cBUL
072 7 _2bullib
_aН83
_xЧужда художествена литература Н
080 _aАмериканска литература (на САЩ)
_b821.111(73)
_x-312.6
_z821.111(73)-312.6
100 1 _aЕпстайн, Дженифър Коуди
_eпърви автор
_967424
700 1 _aМиланова, Йолина Антонова
_9363658
139 _aЕпстайн, Дженифър Коуди
_bЕ 71
245 1 0 _aХудожничката от Шанхай
_bРоман
_cДженифър Коуди Епстайн; прев. Йолина Миланова.
257 _aUSA
260 София
_bПрозорец
_c2017
_fСофия : Инвестпрес
300 _a368 с.
_c20 см
380 _aX
500 _aОриг. загл. The Painter from Shanghai / Jennifer Cody Epstein.
600 1 4 _aПан Юлян
_9345407
650 4 _aПан Юлян
_9345407
653 _aроманизувани биографии
653 _aромани
653 _aПан Юлян
659 _aН
852 _aЦб 284287
856 4 _qpdf
_u
856 4 _qpdf
_u
942 _cKNG
_n0
_012
944 _aCR
_c09.02.2017
_lф /
_kВиолета_Тройчева
944 _aED
_c20.07.2017
_lф /
_kПенка_Димитрова
999 _c191142
_d191142